الخطابة : (Record no. 78198)
[ view plain ]
| 000 -LEADER | |
|---|---|
| fixed length control field | 01078nam a2200265 a 4500 |
| 001 - CONTROL NUMBER | |
| control field | 78198 |
| 003 - CONTROL NUMBER IDENTIFIER | |
| rucl marc code | BD-RjUL |
| 005 - DATE AND TIME OF LATEST TRANSACTION | |
| control field | 20211209083112.0 |
| 008 - FIXED-LENGTH DATA ELEMENTS--GENERAL INFORMATION | |
| fixed length control field | 210412s1946 ua 000 0 ara d |
| 035 ## - SYSTEM CONTROL NUMBER | |
| System control number | (BD-RjUL)78424 |
| 040 ## - CATALOGING SOURCE | |
| Original cataloging agency | CGU |
| Transcribing agency | CGU |
| Modifying agency | WAU |
| -- | OCL |
| -- | MnU |
| -- | NNU |
| -- | UkOxU |
| Language of cataloging | eng |
| 041 ## - LANGUAGE CODE | |
| Language code of text/sound track or separate title | ara/eng |
| 043 ## - GEOGRAPHIC AREA CODE | |
| Geographic area code | ma----- |
| 066 ## - CHARACTER SETS PRESENT | |
| Alternate G0 or G1 character set | (3 |
| 082 ## - DEWEY DECIMAL CLASSIFICATION NUMBER | |
| Edition number | 23 |
| Classification number | 892.75109 |
| Author mark and year | ABK 1946 |
| 100 1# - MAIN ENTRY--PERSONAL NAME | |
| Personal name | أبو زهرة، محمد. ;; Abū Zahrah, Muḥammad. |
| 9 (RLIN) | 246928 |
| 245 13 - TITLE STATEMENT | |
| Title | الخطابة : |
| Remainder of title | أصولها وتاريخها فى أزهر عصورها عند العرب / ;; al-Khiṭābah : uṣūluhā wa-tārīkhuhā fī azhar ʿuṣūrihā ʿinda al-ʿArab / |
| Statement of responsibility, etc. | محمد أبو زهرة. ;; Muḥammad Abū Zahrah. |
| 260 ## - PUBLICATION, DISTRIBUTION, ETC. (IMPRINT) | |
| Place of publication, distribution, etc. | al-Qāhirah : |
| Name of publisher, distributor, etc. | Dār al-Fikr al-ʿArabī, |
| Date of publication, distribution, etc. | 1946. |
| Place of publication, distribution, etc. | القاهرة : |
| Name of publisher, distributor, etc. | دار الفكر العربى، |
| Date of publication, distribution, etc. | ٠٨٩١. |
| 300 ## - PHYSICAL DESCRIPTION | |
| Pagination | 287 p. ; |
| Size | 23 cm. |
| 650 #0 - SUBJECT ADDED ENTRY--TOPICAL TERM | |
| Topical term or geographic name as entry element | Oratory |
| General subdivision | History. |
| 9 (RLIN) | 246929 |
| Topical term or geographic name as entry element | Oratory |
| Geographic subdivision | Arab countries |
| General subdivision | History. |
| 9 (RLIN) | 246930 |
| Topical term or geographic name as entry element | Arabic prose literature |
| General subdivision | History and criticism. |
| 9 (RLIN) | 246931 |
| 942 ## - ADDED ENTRY ELEMENTS (KOHA) | |
| Source of classification or shelving scheme | Dewey Decimal Classification |
| Koha item type | Books |
| Lost status | Source of classification or shelving scheme | Damaged status | Not for loan | Collection code | Permanent Location | Current Location | Shelving location | Date acquired | Source of acquisition | Cost, normal purchase price | Total Checkouts | Full call number | Date last seen | Copy number | Koha item type |
|---|---|---|---|---|---|---|---|---|---|---|---|---|---|---|---|
| Dewey Decimal Classification | Not For Loan | Non-fiction | Central Library, University of Rajshahi | Central Library, University of Rajshahi | Reading Room | 17/11/2009 | Ahsania Mission , Dhaka | 750.00 | A 892.75109 ABK 1946 | 12/04/2021 | C-1 | Books |